MDQL
is popping MORE tags! Check the
thread
!
Quizzes
Events
Quiz Creation
Community
Videos
Private Events
Remove Ads
Sign In
Join for FREE
Feedback
Dark Mode
Quiz Categories
Sports
Geography
Music
Movies
Television
Just For Fun
Miscellaneous
History
Literature
Language
Science
Gaming
Entertainment
Religion
Holiday
For Kids
Quiz Lab
Recent
Popular Today
Quiz Kudos Today
Editor Picks
Curator Picks
Quizzes by...
Day
Popularity
Type
Ratings
Length
Year
Community
Subscriptions
Recent Discussions
Orange Saloon
Badges
Playlists
Quests
Create
Leaderboards
Showdown
Live 5
Trivia Bingo
Activity
Puzzle Library
Sporcle Events
Private Events
Virtual Trivia
Globe League
Become a Host
Pub Owners
SporcleCon
Opinionation
Our Games
Videos
Blog
Mobile Apps
Partnerships
Remove Ads and Go Orange
Feedback
Television
TV Characters
TV Show
Sitcom
Network
Friends
Reality Shows
Cast
South Park
Star Trek
The Simpsons
Doctor Who
Television
TV Characters
TV Show
Sitcom
Network
Friends
Reality Shows
Cast
South Park
Star Trek
The Simpsons
Doctor Who
Random Quiz
Search Sporcle
×
Quiz Lab
Quiz Lab
Television
Show
Type in answers that appear in a list
Type in answers that appear in a list
Classic
Best Score? Go Orange.
UK X Factor Judges (All Time) Stats
Can you name the judges that have ever appeared on the UK X Factor (guest or permanent)?
By
RJMurphy
5m
26 Questions
212 Plays
212 Plays
212 Plays
Comments
Comments
Give Quiz Kudos
Give Quiz Kudos
-
- Ratings
hide this ad
More Info
Replay
Link that replays current quiz
Next Quiz
Link to next quiz in quiz playlist
You Got
0%
They Got
Avg Score
46%
Avg Friend Score
Upgrade to see
Score Distribution
Jump to the score distribution portion of the page
Score
0/26
Timer
05:00
0
Plays Today
Series they appeared on
Judge
% Correct
Series 1-
7, 11-
15
Simon Cowell
97.2%
Series 1-
11, 13-
14
Louis Walsh
96.7%
Series 5-
7, 11-
12
Cheryl
92.9%
Series 8-
10
Gary Barlow
92.5%
Series 1-
4, 10, 13-
14
Sharon Osbourne
91.5%
Series 8-
9
Tulisa
88.7%
Series 4-
7
Dannii Minogue
85.8%
Series 8
Kelly Rowland
84.9%
Series 9, 11, 13
Mel B
83.3%
Series 15
Louis Tomlinson
83.3%
Series 7, 9-
10, 13-
14
Nicole Scherzinger
83%
Series 9, 12
Rita Ora
75%
Series 15
Robbie Williams
75%
Series they appeared on
Judge
% Correct
Series 12
Nick Grimshaw
70.8%
Series 7
Katy Perry
63.2%
Series 4
Brian Friedman
62.3%
Series 15
Ayda Field
58.3%
Series 9
Leona Lewis
58.3%
Series 7, 9
Geri Halliwell
52.4%
Series 7
Natalie Imbruglia
50.9%
Series 7
Pixie Lott
50.5%
Series 3
Paula Abdul
48.6%
Series 8
Alexandra Burke
41.7%
Series 14
Alesha Dixon
41.7%
Series 15
Nile Rodgers
37.5%
Series 9
Anastacia
33.3%
Quiz Playlist
Details
Report
Send in Message
Add To Playlist
More Info:
Includes Guest and Replacement judges on the main panel
Classic:
Type in answers that appear in a list
Last Updated: Jun 26, 2021
Quiz Scoreboard
CHALLENGE
Sign Up to Join the Scoreboard
Show All
Scores
Hide
Comments
May contain spoilers
Recently Published
Holiday 10x10 Sorting Gallery
by lukepisani3
Holiday
15m
Two Season TV Shows II
by 123Four
Television
10m
Image Sorting: Flags VI
by Barbecue
Geography
2m
More to Explore
Quiz From the Vault
Featured Blog Post
14 Easter Pick-up Lines to Find Eggs With
hide this ad
You Might Also Like...
Tags
Show Quiz
judge
Series
X Factor
Today's Top Quizzes in Television
Browse Television
hide this ad
Today's Top Quizzes in Show
Browse Show
Top Contributed Quizzes in Television
1
Survivor Journey Challenge
2
Even More Two Season TV Shows
3
Adjectives in 00s TV Shows
4
Brooklyn Nine Nine Logic Puzzle (How-To-Play)
5
Adjectives in 10s TV Shows
6
Click the SpongeBob Episodes (Season 3)
7
Even More Three Season TV Shows
8
Survivor Logic Puzzle: Heroes vs. Villains
9
Total Drama Characters
10
Survivor Heroes vs. Villains Logic Puzzle
Explore More
Trending Topics
NBA
Anime
Kpop
Harry Potter
Crossword
Marvel
Disney
The Office
Song
WWE
Pokémon
NFL
Soccer
Puzzle
Country
hide this ad
More By:
RJMurphy
Quiz
Plays
Rating
Category
Featured
Created
EastEnders Top 100 Characters
40,203
4.88
Television
Nov 28, 2010
Characters in Of Mice and Men
5,131
4.83
Literature
Jun 10, 2010
Guess The Lyrics to this Pop Song
3,728
3.13
Music
Jun 4, 2010
UK Foursomes
1,776
4.25
Miscellaneous
Dec 22, 2010
Guess The Lyrics to this Pop Song 2
1,443
2.82
Music
Jun 13, 2010
Go to Creator's Profile
Score Distribution
Quiz Creator Spotlight
RJMurphy
Follow
Send a Message
Quizzes Created
-
Created Quiz Play Count
-
More By This Creator
Popular Quizzes Today
1
Find the US States - No Outlines Minefield
2
Colored Red Africa Blitz
3
Find the 'City' Movie
4
The Countries of the World
5
5x2 Blitz: Bands
6
Find the Countries of Europe - No Outlines Minefield
7
Find the US States
8
US States
More Television Quizzes
Find the TV Cartoon Villains
Quiz Lab
Trending Quizzes
Colored Red Europe Blitz I
Colored Red Africa Blitz II
Colored Red Europe Blitz II
Even More Two Season TV Shows
Colored Red Africa Blitz III
Recently Updated
Odd Team Out - Big 4 Players
pecheneg
Quick Pick: 20 Twenties
pecheneg
March Madness Men's Triple Doubles
pecheneg
How Do You Spell That?
pecheneg
Godzilla Movies
pecheneg
Grab Bag: 4-10 Letters
pecheneg
2024 March Madness Bracket
pecheneg
Famous TV Couples
Peacemaker
Champions League XIs: Real Madrid
pecheneg
Largest US Cities 1790-2010
pecheneg
Trending Topics
Harry Potter
Marvel
NBA
Disney
Anime
Kpop
Crossword
Puzzle
WWE
The Office
NFL
Country
Song
Soccer
Pokémon
Your Account Isn't Verified!
In order to create a playlist on Sporcle, you need to verify the email address you used during registration. Go to your
Sporcle Settings
to finish the process.
Report this User
Report this user for behavior that violates our
Community Guidelines
.
Details:
Send Report
Go to the Sporcle.com Mobile Site →
Comments